01250nam a2200241 a 450000100100000000500170001000800410002704000250006808200210009310000280011424501010014226000340024330000280027765100580030565100560036365100600041971000630047904900090054295201310055195201840068295201250086699900170099100001417920200929163516.0091207s1968 au a 001 0 spa d aDO-SdBNPbspacBNPHU a330.97293bT153r1 aTamames, Ramón93203813aLa República Dominicana y la integración económica de América Latina /cRamón Tamames. aBuenos Aires :bINTAL,c1968. a269 p. :bil. ;c24 cm. 4aRepública DominicanaxCondiciones Económicas9281 4aRepública DominicanaxPolítica Económica9643 4aRepública DominicanaxIntegración Económica929852 aInstituto para la Integración de América Latina932039 aBNPD 001054708MOaGRbGRcCTd2011-10-21iLF1l0o330.97293 T153rp14179-30r2020-06-25te. 3w2020-06-25y4ZPréstamo en sala 001050718RVaPDbPDcHDd2009-12-07iLF1l0o330.97293 T153rp14179-10r2020-06-25w2020-06-25y1zPerteneció a la biblioteca personal de Germán Emilio Ornes.ZNo se presta 001050718RVaPDbPDcCTd2011-07-14iLF1l0o330.97293 T153rp14179-20r2020-06-25te. 2w2020-06-25y1ZNo se presta c13780d13780